000 00427pam a2200157a 44500
008 230515b1992 xxu||||| |||| 00| 0 eng d
020 _aNULL
041 _aENGL
082 _a627.092/AIR/IAH
100 _aAIRH & IAHR
245 _aVIII CONGRESS ASIA AND PACIFIC REGIONAL DIVISION VOL-III HYDRAULICS STRUCTURES COASTAL AND MARITIME
250 _aN.D.
260 _aNULL
_bCLARE
_c1992
300 _a293 PB
650 _aNULL
999 _c626338
_d626338